000 00810nam a2200181Ia 4500
008 100921s9999 xx 000 0 und d
082 _b27759
_a294.592 थ 96
100 _aचान्सरकर मधुकर.
245 _aगीताप्रणीत अर्थरचना.
260 _bसाहित्य प्रसार केंद्र,नागपूर.
_c1996
300 _a163
_bरसिक साहित्य,पुणे
365 _b90
520 _aधर्म-पवित्र ग्रंथ-व्यिक्त.
630 _aगीताप्रणीत अर्थरचना.
650 _aधर्म-पवित्र ग्रंथ-व्यिक्त.
730 _aगीताप्रणीत अर्थरचना.
942 _cBOOK
999 _c776872
_d776869